00000000nam 2200000zi 4500
0019.946564
003CaOODSP
00520250107103709
006m     o  d f      
007cr mn|||||||||
008250107e197912##onc     obs  f000 0 fre d
040 |aCaOODSP|bfre|erda|cCaOODSP
045 |ax3x7
0861 |aId40-7/1979F-PDF
24502|aL'industrie des produits d'hygiène : |bstructure internationale de l'industrie des produits pharmaceutiques.
2463 |aStructure internationale de l'industrie des produits pharmaceutiques
264 1|aOttawa, Canada : |bDivision de l'analyse sectorielle, Direction des produits chimiques, Industrie et commerce, |cdécembre 1979.
300 |a1 ressource en ligne (51 pages)
336 |atexte|btxt|2rdacontent/fre
337 |ainformatique|bc|2rdamedia/fre
338 |aressource en ligne|bcr|2rdacarrier/fre
500 |aPublié aussi en anglais sous le titre : The health care products industry: international structure of the pharmaceutical industry.
500 |a« Document de référence » -- Coverture.
500 |aÉdition numérisée de l'imprimé [par Innovation, sciences et développement économique Canada].
504 |aComprend des références bibliographiques.
650 6|aIndustrie pharmaceutique.
650 6|aIndustrie pharmaceutique|vStatistiques.
655 7|aStatistiques|2rvmgf
7101 |aCanada. |bIndustrie et commerce. |bDirection des produits chimiques. |bDivision de l'analyse sectorielle, |eorganisme de publication.
77508|tThe health care products industry : |w(CaOODSP)9.938547
85640|qPDF|s907 Ko|uhttps://publications.gc.ca/collections/collection_2025/isde-ised/Id40-7-1979-fra.pdf